[Event "GER-chT Lands U20"]
[Site "Wiesbaden"]
[Date "2022.10.03"]
[Round "5.7"]
[White "Meng, Yuxuan"]
[Black "Huppert, Anna"]
[Result "1-0"]
[WhiteElo "1472"]
[BlackElo "1417"]
[PlyCount "111"]
[EventDate "2022.09.30"]
[EventType "team-swiss"]
[EventRounds "7"]
[EventCountry "GER"]
[SourceTitle "CBM 210 Extra"]
[Source "ChessBase"]
[SourceDate "2022.11.30"]
[SourceVersion "1"]
[SourceVersionDate "2022.11.30"]
[SourceQuality "1"]
[WhiteTeam "Baden U20 II"]
[BlackTeam "Saarland U20"]
[WhiteTeamCountry "GER"]
[BlackTeamCountry "GER"]

1. e4 e6 2. d4 d5 3. e5 c5 4. c3 Nc6 5. Nf3 Bd7 6. Be2 f6 7. 0-0 Qc7 8. exf6 Nxf6 9. Re1 Bd6 10. Bd3 c4 11. Bf5 0-0-0 12. Bc2 e5 13. dxe5 Nxe5 14. Nbd2 Bg4 15. h3 Bh5 16. Rb1 g5 17. b3 g4 18. Nxe5 Bxe5 19. Bf5+ Kb8 20. hxg4 Bg6 21. Qf3 Rhe8 22. g3 Bxg3 23. Rxe8 Bh2+ 24. Kg2 Rxe8 25. Bxg6 hxg6 26. Qxf6 Bf4 27. Nf3 Bxc1 28. Rxc1 cxb3 29. axb3 Rg8 30. Rh1 Qc8 31. Ne5 g5 32. Qd6+ Ka8 33. Qxd5 Rd8 34. Qc4 Qxc4 35. Nxc4 b5 36. Ne5 Kb7 37. Nf7 Rd3 38. Nxg5 Rxc3 39. Ne4 Rc2 40. Rb1 a5 41. g5 Rc6 42. f4 Kc7 43. Kf3 Kd7 44. Re1 a4 45. bxa4 bxa4 46. Ra1 Ke6 47. Rxa4 Rc1 48. Kg4 Rg1+ 49. Ng3 Rd1 50. f5+ Kf7 51. g6+ Kg7 52. Kg5 Rd5 53. Nh5+ Kf8 54. g7+ Kf7 55. Ra7+ Kg8 56. Nf6# 1-0

[Event "GER-chT Lands U20"]
[Site "Wiesbaden"]
[Date "2022.10.03"]
[Round "6.7"]
[White "Skembris, Simon Max"]
[Black "Huppert, Anna"]
[Result "1-0"]
[WhiteElo "1540"]
[BlackElo "1417"]
[PlyCount "79"]
[EventDate "2022.09.30"]
[EventType "team-swiss"]
[EventRounds "7"]
[EventCountry "GER"]
[SourceTitle "CBM 210 Extra"]
[Source "ChessBase"]
[SourceDate "2022.11.30"]
[SourceVersion "1"]
[SourceVersionDate "2022.11.30"]
[SourceQuality "1"]
[WhiteTeam "Baden U20"]
[BlackTeam "Saarland U20"]
[WhiteTeamCountry "GER"]
[BlackTeamCountry "GER"]

1. e4 e6 2. d4 d5 3. Nd2 Nf6 4. e5 Nfd7 5. Bd3 c5 6. c3 Nc6 7. Ne2 cxd4 8. cxd4 f6 9. exf6 Nxf6 10. Nf3 Bd6 11. 0-0 Qc7 12. g3 e5 13. dxe5 Nxe5 14. Nxe5 Bxe5 15. Bf4 0-0 16. Rc1 Qd6 17. Bxe5 Qxe5 18. Qd2 Ne4 19. Bxe4 Qxe4 20. Nc3 Qf3 21. Qxd5+ Qxd5 22. Nxd5 Bh3 23. Rfe1 Rad8 24. Nf4 Bg4 25. Rc7 g5 26. Ree7 Bf5 27. Rg7+ Kh8 28. Rxg5 Rd2 29. Rgg7 a5 30. Rge7 b5 31. Nh5 Kg8 32. Rg7+ Kh8 33. g4 Be4 34. f3 Rd1+ 35. Kf2 Rxf3+ 36. Ke2 Rd8 37. Rge7 Ba8 38. Rxh7+ Kg8 39. Rcg7+ Kf8 40. Rh8# 1-0

[Event "GER-chT Lands U20"]
[Site "Wuerzburg"]
[Date "2019.10.04"]
[Round "5.10"]
[White "Rempe, Mieke"]
[Black "Huppert, Anna"]
[Result "1-0"]
[WhiteElo "1481"]
[BlackElo "1516"]
[PlyCount "99"]
[EventDate "2019.10.01"]
[EventType "team-swiss"]
[EventRounds "7"]
[EventCountry "GER"]
[SourceTitle "EXT 2020"]
[Source "ChessBase"]
[SourceDate "2019.10.17"]
[SourceVersion "1"]
[SourceVersionDate "2019.10.17"]
[SourceQuality "1"]
[WhiteTeam "Hamburg/Schleswig Holstein"]
[BlackTeam "Saarland"]
[WhiteTeamCountry "GER"]
[BlackTeamCountry "GER"]

1. e4 e6 2. d4 d5 3. exd5 exd5 4. Nf3 Bd6 5. c4 c6 6. Nc3 Ne7 7. Bd3 dxc4 8. Bxc4 Bf5 9. Qb3 0-0 10. Ng5 Bg6 11. 0-0 Qc7 12. h3 Nd7 13. Nce4 h6 14. Nxd6 hxg5 15. Nxb7 Rab8 16. Qa3 Nf5 17. Nc5 Nxd4 18. Qc3 Nxc5 19. Qxd4 Qe7 20. Qg4 Bd3 21. Bxd3 Nxd3 22. Bxg5 Qc5 23. Bf6 g6 24. Bd4 Qe7 25. Rad1 Nxb2 26. Rfe1 Qb4 27. Qh4 f6 28. Rb1 Qa5 29. Re7 Qh5 30. Qxh5 gxh5 31. Rxb2 Rxb2 32. Bxb2 Rf7 33. Re6 c5 34. Bxf6 c4 35. Rc6 a5 36. Bc3 Rf4 37. Bxa5 Rd4 38. Bc3 Rd1+ 39. Kh2 Rc1 40. Rxc4 Rc2 41. Rc8+ Kf7 42. a4 Rxf2 43. a5 Ra2 44. Ra8 Ke7 45. a6 Kd7 46. a7 Kc7 47. Rh8 Rxa7 48. Rh7+ Kb8 49. Rxa7 Kxa7 50. Kg3 1-0

[Event "GER-ch U16 Girls"]
[Site "Willingen"]
[Date "2019.06.13"]
[Round "7"]
[White "Huppert, Anna"]
[Black "Dietz, Helena"]
[Result "1-0"]
[WhiteElo "1515"]
[BlackElo "1534"]
[PlyCount "55"]
[EventDate "2019.06.08"]
[EventType "swiss"]
[EventRounds "9"]
[EventCountry "GER"]
[SourceTitle "CBM 191 Extra"]
[Source "ChessBase"]
[SourceDate "2019.09.30"]
[SourceVersion "1"]
[SourceVersionDate "2019.09.30"]
[SourceQuality "1"]

1. e4 d6 2. d4 Nf6 3. Nc3 g6 4. f4 Bg7 5. Nf3 0-0 6. Bd3 c5 7. e5 dxe5 8. dxe5 Nd5 9. Bd2 Nc6 10. 0-0 b6 11. Qe1 Bb7 12. f5 Ndb4 13. Be4 Rb8 14. a3 Na6 15. e6 Nd4 16. exf7+ Rxf7 17. fxg6 hxg6 18. Rd1 Nxf3+ 19. Rxf3 Rxf3 20. Bxf3 Bxf3 21. Qe6+ Kh7 22. gxf3 Nc7 23. Qh3+ Kg8 24. Bf4 Qc8 25. Qg3 Rb7 26. Qxg6 Qf8 27. Be5 Na6 28. Rd8 1-0

[Event "GER-ch U16 Girls"]
[Site "Willingen"]
[Date "2019.06.12"]
[Round "6"]
[White "Jacoby, Angelina"]
[Black "Huppert, Anna"]
[Result "1/2-1/2"]
[WhiteElo "1412"]
[BlackElo "1515"]
[PlyCount "136"]
[EventDate "2019.06.08"]
[EventType "swiss"]
[EventRounds "9"]
[EventCountry "GER"]
[SourceTitle "CBM 191 Extra"]
[Source "ChessBase"]
[SourceDate "2019.09.30"]
[SourceVersion "1"]
[SourceVersionDate "2019.09.30"]
[SourceQuality "1"]

1. d4 Nf6 2. Nf3 e6 3. Bf4 c5 4. e3 Nc6 5. c3 d5 6. Nbd2 b6 7. Bd3 Bb7 8. h3 cxd4 9. exd4 Be7 10. 0-0 0-0 11. Nh2 a5 12. Ng4 Ba6 13. Bxa6 Rxa6 14. Qe2 Ra8 15. Bh2 Re8 16. f4 Qc8 17. Qf3 b5 18. Rae1 b4 19. f5 bxc3 20. bxc3 Nxg4 21. Qxg4 exf5 22. Qxf5 Qxf5 23. Rxf5 Rad8 24. Rb1 g6 25. Rff1 a4 26. Rb7 a3 27. Nf3 f6 28. Rb5 Bf8 29. Kf2 Rd7 30. Re1 Kf7 31. Rxe8 Kxe8 32. Rb6 Na5 33. Nd2 f5 34. Rb8+ Kf7 35. Rc8 Be7 36. Rc7 Rxc7 37. Bxc7 Nc6 38. Nf3 Ke6 39. Ke2 Na7 40. Kd3 Nb5 41. Ba5 Kd7 42. Kc2 Nd6 43. Nd2 Nb5 44. Kb3 Kc6 45. Nb1 h5 46. Nd2 g5 47. Nf3 g4 48. hxg4 fxg4 49. Ne5+ Kb7 50. Ng6 Bd6 51. Bb4 Bxb4 52. Kxb4 Kb6 53. Nf4 h4 54. Nxd5+ Kb7 55. Nf4 Kb6 56. d5 Ka6 57. c4 Nd6 58. c5 Nf7 59. Kxa3 Kb5 60. c6 Nd6 61. Kb3 Kc5 62. a4 h3 63. gxh3 gxh3 64. Nxh3 Kxd5 65. c7 Kc6 66. Kb4 Kxc7 67. Nf4 Nb7 68. Kb5 Nd6+ 1/2-1/2

[Event "GER-chT Federal Cup (Women)"]
[Site "Braunfels"]
[Date "2018.06.03"]
[Round "5.7"]
[White "Zell, Hannah"]
[Black "Huppert, Anna"]
[Result "0-1"]
[WhiteElo "1532"]
[BlackElo "1371"]
[PlyCount "42"]
[EventDate "2018.05.31"]
[EventType "team-swiss"]
[EventRounds "5"]
[EventCountry "GER"]
[SourceTitle "EXT 2020"]
[Source "ChessBase"]
[SourceDate "2019.10.17"]
[SourceVersion "1"]
[SourceVersionDate "2019.10.17"]
[SourceQuality "1"]
[WhiteTeam "Wuerttemberg (W) II"]
[BlackTeam "Saarland SG (W)"]
[WhiteTeamCountry "GER"]
[BlackTeamCountry "GER"]

1. e4 e6 2. d4 d5 3. exd5 exd5 4. Bd3 Bd6 5. Nf3 Nc6 6. c3 Nge7 7. h3 Bf5 8. Bxf5 Nxf5 9. Nbd2 Qd7 10. Nf1 0-0-0 11. Be3 Rde8 12. Qd2 Na5 13. 0-0-0 Nc4 14. Qe2 Re7 15. Re1 Rhe8 16. Kb1 Bf4 17. Qd3 Nfxe3 18. fxe3 Bxe3 19. Qxh7 g6 20. Nxe3 Nxe3 21. Ne5 Qf5+ 0-1

[Event "GER-ch U25-B"]
[Site "Willingen"]
[Date "2018.05.24"]
[Round "7"]
[White "Huppert, Anna"]
[Black "Grob, Marvin"]
[Result "1/2-1/2"]
[WhiteElo "1336"]
[BlackElo "1604"]
[PlyCount "41"]
[EventDate "2018.05.19"]
[EventType "swiss"]
[EventRounds "9"]
[EventCountry "GER"]
[SourceTitle "CBM 184 Extra"]
[Source "ChessBase"]
[SourceDate "2018.06.28"]
[SourceVersion "1"]
[SourceVersionDate "2018.06.28"]
[SourceQuality "1"]

1. e4 c5 2. Nc3 d6 3. f4 g6 4. Nf3 Bg7 5. Bb5+ Nc6 6. Bxc6+ bxc6 7. 0-0 Nf6 8. d3 0-0 9. Qe1 Bg4 10. f5 e6 11. h3 Bxf3 12. Rxf3 exf5 13. exf5 Rb8 14. Qh4 Nd5 15. Bg5 f6 16. fxg6 hxg6 17. Bd2 Nxc3 18. Bxc3 d5 19. Rb1 f5 20. Qxd8 Rfxd8 21. Bxg7 1/2-1/2

[Event "GER-ch U25-B"]
[Site "Willingen"]
[Date "2018.05.23"]
[Round "6"]
[White "Fromm, Johannes"]
[Black "Huppert, Anna"]
[Result "1-0"]
[WhiteElo "1700"]
[BlackElo "1336"]
[PlyCount "75"]
[EventDate "2018.05.19"]
[EventType "swiss"]
[EventRounds "9"]
[EventCountry "GER"]
[SourceTitle "CBM 184 Extra"]
[Source "ChessBase"]
[SourceDate "2018.06.28"]
[SourceVersion "1"]
[SourceVersionDate "2018.06.28"]
[SourceQuality "1"]

1. b3 Nf6 2. Bb2 e6 3. f4 b6 4. Nf3 Bb7 5. e3 Be7 6. Nc3 d6 7. Bd3 Nbd7 8. 0-0 0-0 9. Qe1 Nh5 10. g4 Nhf6 11. Qg3 e5 12. g5 exf4 13. exf4 Ne8 14. Qh4 f5 15. Nd4 d5 16. Bxf5 g6 17. Ne6 Qb8 18. Nxf8 Bc5+ 19. Kg2 d4+ 20. Be4 Nxf8 21. Nd5 Nd6 22. Nf6+ Kf7 23. d3 Nf5 24. Qf2 Ne3+ 25. Kg1 Nxf1 26. Rxf1 Bxe4 27. Nxe4 Be7 28. Qxd4 Ne6 29. Qc4 Qc8 30. f5 gxf5 31. Qd5 Ke8 32. Qxf5 Kd8 33. Qd5+ Ke8 34. Nf6+ Bxf6 35. Rxf6 Ke7 36. Qf5 Nf8 37. Rf7+ Ke8 38. Rxf8+ 1-0

[Event "GER-ch U25-B"]
[Site "Willingen"]
[Date "2018.05.20"]
[Round "2"]
[White "Becker, Lukas"]
[Black "Huppert, Anna"]
[Result "0-1"]
[WhiteElo "1540"]
[BlackElo "1336"]
[PlyCount "66"]
[EventDate "2018.05.19"]
[EventType "swiss"]
[EventRounds "9"]
[EventCountry "GER"]
[SourceTitle "CBM 184 Extra"]
[Source "ChessBase"]
[SourceDate "2018.06.28"]
[SourceVersion "1"]
[SourceVersionDate "2018.06.28"]
[SourceQuality "1"]

1. e4 e6 2. d4 d5 3. exd5 exd5 4. c4 Bb4+ 5. Nc3 Nf6 6. a3 Bxc3+ 7. bxc3 0-0 8. Nf3 Bg4 9. h3 Bf5 10. Qb3 b6 11. Bg5 Re8+ 12. Be3 Nc6 13. Be2 Na5 14. Qa2 Nxc4 15. Bxc4 dxc4 16. Qxc4 Nd5 17. 0-0 Nxe3 18. fxe3 Rxe3 19. Ne5 Be6 20. Qb4 c5 21. Qb2 Qg5 22. Nf3 Qg6 23. Kf2 Re4 24. dxc5 bxc5 25. Qb7 Re8 26. Rfe1 Rxe1 27. Rxe1 Qc2+ 28. Re2 Qa4 29. Qb2 Bd5 30. Re5 Rxe5 31. Nxe5 Qf4+ 32. Nf3 Bxf3 33. gxf3 Qh2+ 0-1

[Event "GER-chT Lands U20"]
[Site "Hannover"]
[Date "2017.10.04"]
[Round "7.7"]
[White "Huppert, Anna"]
[Black "Butenandt, Svenja"]
[Result "0-1"]
[WhiteElo "1261"]
[BlackElo "1594"]
[PlyCount "80"]
[EventDate "2017.09.29"]
[EventType "team-swiss"]
[EventRounds "7"]
[EventCountry "GER"]
[SourceTitle "EXT 2018"]
[Source "ChessBase"]
[SourceDate "2017.10.13"]
[SourceVersion "1"]
[SourceVersionDate "2017.10.13"]
[SourceQuality "1"]
[WhiteTeam "Saarland U20"]
[BlackTeam "Bayern U20"]
[WhiteTeamCountry "GER"]
[BlackTeamCountry "GER"]

1. e4 c5 2. Nc3 Nc6 3. f4 g6 4. Nf3 Bg7 5. Bb5 Nd4 6. Bd3 Nxf3+ 7. Qxf3 e6 8. 0-0 Ne7 9. e5 0-0 10. Ne4 Qc7 11. Nf6+ Kh8 12. Qh3 Bxf6 13. exf6 Nd5 14. b3 Qb6 15. Kh1 Rg8 16. Rf3 h5 17. g4 d6 18. gxh5 g5 19. fxg5 Rxg5 20. Rg3 Rxg3 21. Qxg3 Nxf6 22. h6 Qc6+ 23. Kg1 Ne8 24. Bb2+ e5 25. Rf1 Be6 26. Bg6 Qc7 27. h4 f6 28. Kf2 Qe7 29. Ke1 Nc7 30. Bd3 Rg8 31. Qf2 Nd5 32. c4 Nf4 33. Bc2 Rg2 34. Qf3 Bg4 35. Qxg2 Nxg2+ 36. Kf2 Nf4 37. Ke1 Qe6 38. Rg1 Bf5 39. Bxf5 Qxf5 40. Bc3 Qe4+ 0-1

[Event "GER-chT Lands U20"]
[Site "Hannover"]
[Date "2017.10.01"]
[Round "3.7"]
[White "Huppert, Anna"]
[Black "Doll, Rebecca"]
[Result "0-1"]
[WhiteElo "1261"]
[BlackElo "1576"]
[PlyCount "96"]
[EventDate "2017.09.29"]
[EventType "team-swiss"]
[EventRounds "7"]
[EventCountry "GER"]
[SourceTitle "EXT 2018"]
[Source "ChessBase"]
[SourceDate "2017.10.13"]
[SourceVersion "1"]
[SourceVersionDate "2017.10.13"]
[SourceQuality "1"]
[WhiteTeam "Saarland U20"]
[BlackTeam "Baden U20 II"]
[WhiteTeamCountry "GER"]
[BlackTeamCountry "GER"]

1. e4 e5 2. Nf3 Nc6 3. Bc4 Bc5 4. 0-0 Nf6 5. d4 exd4 6. e5 d5 7. exf6 dxc4 8. fxg7 Rg8 9. Bh6 Qf6 10. Qd2 Be6 11. Qg5 Be7 12. h4 0-0-0 13. Nbd2 d3 14. cxd3 cxd3 15. Ne4 Qxf3 16. Qe3 Qxe3 17. fxe3 Bxh4 18. Nc5 Bd5 19. Rad1 Be7 20. Nb3 Nb4 21. Nd4 Nxa2 22. b3 Be4 23. Rxf7 Bd6 24. Nb5 Be5 25. Re7 Rde8 26. Rf7 a6 27. Nd4 Nb4 28. Rf8 Bd6 29. Rxe8+ Rxe8 30. Ne6 Rg8 31. Ng5 Bg6 32. Nf3 Be7 33. Nd4 Bf6 34. Ne6 Bf7 35. Nc5 Bxg7 36. Bxg7 Rxg7 37. Nxd3 Bh5 38. Rd2 Rd7 39. e4 Rxd3 40. Rxd3 Nxd3 41. Kh2 Nc5 42. e5 Nxb3 43. Kg3 a5 44. Kf4 a4 45. Kf5 a3 46. e6 a2 47. Kf6 a1Q+ 48. Kg5 Qe5+ 0-1

[Event "GER-ch U25-B"]
[Site "Willingen"]
[Date "2017.06.07"]
[Round "6"]
[White "Huppert, Anna"]
[Black "Ding, Zheheng"]
[Result "0-1"]
[WhiteElo "1155"]
[BlackElo "1562"]
[PlyCount "135"]
[EventDate "2017.06.04"]
[EventType "swiss"]
[EventRounds "9"]
[EventCountry "GER"]
[SourceTitle "CBM 178 Extra"]
[Source "ChessBase"]
[SourceDate "2017.06.22"]
[SourceVersion "1"]
[SourceVersionDate "2017.06.22"]
[SourceQuality "1"]

1. e4 c5 2. Nc3 Nc6 3. f4 g6 4. Nf3 Bg7 5. Bb5 Nd4 6. 0-0 a6 7. Bd3 d6 8. Nxd4 cxd4 9. Ne2 e5 10. b3 Ne7 11. Bb2 0-0 12. Qe1 Nc6 13. Ng3 Nb4 14. Qe2 Bd7 15. a4 h5 16. h3 Qh4 17. Rf3 Bg4 18. hxg4 hxg4 19. Rf2 Qxg3 20. f5 Qh4 21. g3 Qxg3+ 22. Rg2 Qf3 23. Rf1 Qxe2 24. Rxe2 Nxd3 25. cxd3 gxf5 26. Rxf5 f6 27. Rg2 Kf7 28. Rxg4 b5 29. Ba3 Rad8 30. Rf1 Rg8 31. Kf2 Bh6 32. Rxg8 Kxg8 33. Ke2 Bf4 34. Rc1 bxa4 35. bxa4 Kf7 36. Rc6 Rh8 37. Bb4 a5 38. Bxa5 Ra8 39. Bc7 Rxa4 40. Bxd6 Ra1 41. Bb4 Rh1 42. Rc8 Rh2+ 43. Kd1 Bg5 44. Ke1 Bh4+ 45. Kd1 Kg6 46. Rg8+ Kh5 47. Ba5 Rh1+ 48. Kc2 Ra1 49. Bb4 Bg5 50. Kb2 Rg1 51. Kb3 Kg4 52. Kc2 Kf3 53. Rh8 Rg2 54. Rh3+ Ke2 55. Rh1 Bf4 56. Rd1 Rg3 57. Be7 Rg8 58. Rb1 Rc8+ 59. Kb3 Rb8+ 60. Kc2 Rxb1 61. Kxb1 Kxd2 62. Bxf6 Kxd3 63. Bxe5 Bxe5 64. Kc1 Kxe4 65. Kd2 Bf4+ 66. Ke2 d3+ 67. Kd1 Kd4 68. Ke1 0-1

[Event "GER-ch U25-B"]
[Site "Willingen"]
[Date "2017.06.04"]
[Round "1"]
[White "Butenandt, Albrecht"]
[Black "Huppert, Anna"]
[Result "0-1"]
[WhiteElo "1031"]
[BlackElo "1155"]
[PlyCount "40"]
[EventDate "2017.06.04"]
[EventType "swiss"]
[EventRounds "9"]
[EventCountry "GER"]
[SourceTitle "CBM 178 Extra"]
[Source "ChessBase"]
[SourceDate "2017.06.22"]
[SourceVersion "1"]
[SourceVersionDate "2017.06.22"]
[SourceQuality "1"]

1. e4 e6 2. Nc3 d5 3. exd5 exd5 4. d4 Bb4 5. Bd2 Ne7 6. Nf3 Bg4 7. h3 Bh5 8. g4 Bg6 9. Qe2 Nbc6 10. 0-0-0 Qd7 11. Qb5 Bxc3 12. Bxc3 0-0-0 13. Qa4 Be4 14. Be2 Qd6 15. Rhe1 Bxf3 16. Bxf3 Qf4+ 17. Kb1 Qxf3 18. Bb4 Rhe8 19. Rd2 Ng6 20. Rxe8 Qh1+ 0-1

[Event "GER-ch U14 Girls"]
[Site "Willingen"]
[Date "2016.05.21"]
[Round "9"]
[White "Flach, Helene"]
[Black "Huppert, Anna"]
[Result "1-0"]
[WhiteElo "1702"]
[BlackElo "1029"]
[PlyCount "51"]
[EventDate "2016.05.15"]
[EventType "swiss"]
[EventRounds "9"]
[EventCountry "GER"]
[SourceTitle "CBM 172 Extra"]
[Source "ChessBase"]
[SourceDate "2016.06.21"]
[SourceVersion "1"]
[SourceVersionDate "2016.06.21"]
[SourceQuality "1"]

1. e4 e6 2. d4 d5 3. Nd2 Bd6 4. e5 Be7 5. Bd3 c5 6. c3 Nc6 7. Ne2 cxd4 8. cxd4 f6 9. f4 Bb4 10. a3 Bxd2+ 11. Bxd2 Nh6 12. Bc3 fxe5 13. fxe5 0-0 14. Qc2 Nf5 15. 0-0 Ne3 16. Bxh7+ Kh8 17. Rxf8+ Qxf8 18. Qd3 Nf5 19. Qh3 Nh6 20. Rf1 Qe7 21. Bg6 Bd7 22. Bd2 Be8 23. Bxh6 gxh6 24. Qxh6+ Kg8 25. Rf8+ Qxf8 26. Qh7# 1-0

[Event "GER-ch U14 Girls"]
[Site "Willingen"]
[Date "2016.05.17"]
[Round "5"]
[White "Huppert, Anna"]
[Black "Muedder, Melanie"]
[Result "0-1"]
[WhiteElo "1029"]
[BlackElo "1631"]
[PlyCount "88"]
[EventDate "2016.05.15"]
[EventType "swiss"]
[EventRounds "9"]
[EventCountry "GER"]
[SourceTitle "CBM 172 Extra"]
[Source "ChessBase"]
[SourceDate "2016.06.21"]
[SourceVersion "1"]
[SourceVersionDate "2016.06.21"]
[SourceQuality "1"]

1. e4 c5 2. d4 cxd4 3. c3 dxc3 4. Nxc3 Nc6 5. Nf3 a6 6. Bc4 e6 7. Bf4 Nge7 8. 0-0 Ng6 9. Qd2 Bc5 10. Rac1 Nxf4 11. Qxf4 0-0 12. Rfd1 b5 13. Bd3 Qb6 14. Ng5 h6 15. Nh3 Nd4 16. e5 Bb7 17. a3 Nb3 18. Rc2 Rad8 19. Ne4 Be7 20. Rc3 Nc5 21. Nd6 Bxd6 22. exd6 Nxd3 23. Rdxd3 Rc8 24. Rg3 Rxc3 25. bxc3 Kh8 26. Ng5 f6 27. Rh3 Qc6 28. f3 Qc5+ 29. Kf1 Qxg5 30. Qxg5 fxg5 31. Kf2 g4 32. Rh4 gxf3 33. c4 fxg2+ 34. Rf4 Rxf4+ 35. Kg3 g1Q+ 36. Kxf4 Qxh2+ 37. Ke3 Qg3+ 38. Kd2 Qxa3 39. Ke2 Qf3+ 40. Kd2 Be4 41. Ke1 Bd3 42. Kd2 b4 43. Kc1 Qe2 44. c5 Qc2# 0-1

[Event "GER-ch U10"]
[Site "Oberhof"]
[Date "2013.05.24"]
[Round "9"]
[White "Huppert, Anna"]
[Black "Klemke, Kassandra"]
[Result "0-1"]
[WhiteElo "793"]
[BlackElo "1163"]
[PlyCount "60"]
[EventDate "2013.05.19"]
[EventType "swiss"]
[EventRounds "11"]
[EventCountry "GER"]
[SourceTitle "CBM 154 Extra"]
[Source "ChessBase"]
[SourceDate "2013.06.25"]
[SourceVersion "2"]
[SourceVersionDate "2013.06.25"]
[SourceQuality "1"]

1. e4 e6 2. d4 d5 3. e5 c5 4. c3 Nc6 5. Nf3 Qb6 6. Bd3 Bd7 7. 0-0 cxd4 8. cxd4 Nxd4 9. Nbd2 Nxf3+ 10. Nxf3 Ne7 11. Be3 Qxb2 12. Rb1 Qxa2 13. Qc1 Rc8 14. Qe1 Ng6 15. Ra1 Qb3 16. Qe2 a6 17. Ng5 Nxe5 18. Rab1 Qa3 19. Bb6 Nxd3 20. Qf3 Ne5 21. Qf4 f6 22. Nh3 Bd6 23. Rfc1 0-0 24. Bd4 Nd3 25. Qd2 Nxc1 26. Rxb7 Ne2+ 27. Qxe2 Rc1+ 28. Qf1 Rxf1+ 29. Kxf1 Bb5+ 30. Ke1 Qc1# 0-1

[Event "GER-ch U10"]
[Site "Oberhof"]
[Date "2013.05.21"]
[Round "5"]
[White "Huppert, Anna"]
[Black "Ruppert, Paula"]
[Result "0-1"]
[WhiteElo "793"]
[BlackElo "989"]
[PlyCount "94"]
[EventDate "2013.05.19"]
[EventType "swiss"]
[EventRounds "11"]
[EventCountry "GER"]
[SourceTitle "CBM 154 Extra"]
[Source "ChessBase"]
[SourceDate "2013.06.25"]
[SourceVersion "2"]
[SourceVersionDate "2013.06.25"]
[SourceQuality "1"]

1. e4 d5 2. exd5 Qxd5 3. Nc3 Qa5 4. Nf3 Bg4 5. h3 Bh5 6. g4 Bg6 7. Nd4 Qe5+ 8. Be2 Qxd4 9. 0-0 e6 10. d3 Bd6 11. Bf3 Qe5 12. Re1 Qh2+ 13. Kf1 Bc5 14. Re2 Qxh3+ 15. Bg2 Qxg4 16. Qd2 Nf6 17. f3 Qd4 18. Re3 Nd5 19. Nb5 Nxe3+ 20. Kg1 Qe5 21. Qf2 Nf5 22. Bf4 Qd5 23. Nxc7+ Kd8 24. Nxd5 Bxf2+ 25. Kxf2 exd5 26. d4 Nxd4 27. Rd1 Ne6 28. Rxd5+ Kc8 29. Bh3 Rd8 30. Re5 Nd7 31. Re3 Nxf4 32. Rc3+ Kb8 33. Bf1 Rc8 34. Bc4 Nb6 35. Ke3 Nfd5+ 36. Kd4 Nxc3 37. Kxc3 Rxc4+ 38. Kd2 Kc7 39. b3 Rxc2+ 40. Ke3 Re8+ 41. Kf4 Rce2 42. a4 Nd5+ 43. Kg4 f5+ 44. Kh4 Rg2 45. a5 Re1 46. Kh3 Nf4+ 47. Kh4 Rh1# 0-1